Spanish Autonomous Community (Region) Flags - Statistics

General Stats
  • This quiz has been taken 219 times
  • The average score is 12 of 17
Answer Stats
Picture Answer % Correct
Catalonia
97%
Andalucia
82%
Basque Country
81%
Canary Islands
81%
Valencian Community
81%
Aragon
78%
Community of Madrid
77%
Galicia
75%
Asturias
72%
Balearic Islands
72%
Extremadura
71%
La Rioja
66%
Region of Murcia
64%
Navarre
63%
Cantabria
60%
Castilla-La Mancha
53%
Castile and León
50%
No matching quizzes found
Score Distribution
Percent of People with Each Score
Percentile by Number Answered
Your Score History
You have not taken this quiz